000 00806nam a2200217 a 4500
001 000016797
005 20240307073946.0
008 100310s1986 dr 000 0 spa d
040 _aDO-SdBNP
_bspa
_cBNPHU
082 _axxx
_bC314a
245 0 0 _aCarrera académica :
_breglamento de carrera académica, Organización del sistema integral.
260 _aSanto Domingo :
_bUASD,
_c1986.
300 _a102 p. ;
_c21 cm.
490 1 _aPublicaciones de la Universidad Autónoma de Santo Domingo
_v555
490 1 _aUniversidad y planificación
500 _aLa biblioteca posee el volumen 1
710 1 _aUniversidad Autónoma de Santo Domingo
_972951
830 0 _aPublicaciones de la Universidad Autónoma de Santo Domingo
_n555
_937224
830 0 _aUniversidad y planificación
_937107
049 _aBNPD
999 _c16329
_d16329